Statistics for Countries that End with A

Click here to take the quiz!

General Stats

  • This quiz has been taken 26 times
    (7 since last reset)
  • The average score is 61 of 74

Answer Stats

End with A% Correct
Albania
100%
Andorra
100%
Argentina
100%
Australia
100%
Bolivia
100%
Bulgaria
100%
Canada
100%
China
100%
Colombia
100%
Cuba
100%
Dominica
100%
Estonia
100%
Guatemala
100%
Guyana
100%
Indonesia
100%
Kenya
100%
Latvia
100%
Libya
100%
Lithuania
100%
North Macedonia
100%
Panama
100%
Romania
100%
Russia
100%
Serbia
100%
South Africa
100%
Tunisia
100%
Venezuela
100%
Algeria
83%
Angola
83%
Austria
83%
Bosnia and Herzegovina
83%
Botswana
83%
Costa Rica
83%
Croatia
83%
Equatorial Guinea
83%
Ethiopia
83%
Ghana
83%
Guinea
83%
India
83%
Liberia
83%
Malaysia
83%
Mauritania
83%
Moldova
83%
Nicaragua
83%
North Korea
83%
Rwanda
83%
Saudi Arabia
83%
Slovakia
83%
Slovenia
83%
Somalia
83%
South Korea
83%
Tonga
83%
Uganda
83%
Antigua and Barbuda
67%
Armenia
67%
Cambodia
67%
Gambia
67%
Georgia
67%
Grenada
67%
Jamaica
67%
Mongolia
67%
Namibia
67%
Nigeria
67%
Samoa
67%
Sri Lanka
67%
Syria
67%
Tanzania
67%
USA
67%
Malta
50%
Micronesia
50%
Papua New Guinea
50%
Saint Lucia
50%
Czechia
33%
Eritrea
33%

Score Distribution

Percentile by Number Answered

Percent of People with Each Score

Your Score History

You have not taken this quiz since the last reset